000 00219 a2200085 4500
245 _aCOLLEGIATE CULTURE AND LEADERSHIP STRATEGIES
_hText
100 _aELLEN E CHAFFEE.WILLIAM G TIERNEY
650 _aCULTURE
005 20191017172614.0
084 _aNONE
999 _c9118
_d9118